MARC

LEADER 00000nam0a2200000 4500
001 30371
005 20251030104849.0
010 |a 5893292707 
035 |a (RuTPU)RU\TPU\book\30641 
035 |a BOOK00030718 
090 |a 30371 
100 |a 20011209d2000 k y0rusy50 ca 
101 0 |a rus 
102 |a RU 
105 |a y z 001zb 
200 1 |a Византия, Болгария, Древняя Русь (IX-начало XII в.)  |f Г. Г. Литаврин 
210 |a СПб.  |c Алетейя  |d 2000 
215 |a 398 с. 
225 1 |a Византийская библиотека 
320 |a Библиогр.: с. 368-395. 
320 |a Список сокр.: с. 395-397. 
320 |a Указ. имен: с. 397-408. 
320 |a Указ. географических и этнических назв.: с. 408-413. 
510 1 |a Исследования 
600 0 |a Ольга  |c киевская княгиня  |f ? - 969 г.  |c жена князя Игоря  |2 stltpush  |3 (RuTPU)RU\TPU\pers\9912 
606 1 |a Византия  |x История  |2 stltpush  |3 (RuTPU)RU\TPU\subj\59047  |9 76695 
606 |a Древняя Русь и Византия  |x Международные отношения  |x История  |9 81703 
610 1 |a средние века 
610 1 |a Болгария 
610 1 |a Древняя Русь 
610 1 |a 9 век 
610 1 |a 10 век 
610 1 |a 11 век 
610 1 |a 12 век 
610 1 |a христианство 
610 1 |a крещение 
610 1 |a международные отношения 
610 1 |a культура 
610 1 |a дипломатия 
610 1 |a исследования 
686 |a Т3(0)4-9  |2 rubbk 
686 |a Т3(2)41  |2 rubbk 
700 1 |a Литаврин  |b Г. Г.  |g Геннадий Григорьевич 
801 0 |a RU  |b 63413507  |c 20011209  |g PSBO 
801 2 |a RU  |b 63413507  |c 20230407  |g PSBO 
942 |c BK